000 01140nam a22002417a 4500
003 OSt
005 20210218102605.0
008 210218s2018 ck ad||fr||||f00| 0 spa d
020 _a9789585901544
040 _aCO-JMCR
_cCO-JMCR
041 0 _aspa
082 0 4 _a339.52309861 /
_bC718e
_223
110 1 _aColombia.
_bMinisterio de Hacienda y Crédito Público
_97620
245 1 0 _aEstrategia de gestión de la deuda de mediano plazo :
_b2018-2022 /
_cMinisterio de Hacienda y Crédito Público
260 _aBogotá :
_bMinhacienda,
_c2018
300 _a130 páginas :
_bilustraciones y gráficos a color ;
_c28 cm.
500 _aIncluye notas a pie de página.
504 _aBibliografía: páginas 129-130
505 0 _aEstructura de crédito público -- Evaluación de la estrategia de gestión de deuda de mediano plazo 2013-2017 -- estrategia de gestión de la deuda de mediano plazo (2018-2022) -- Esquema de gobernanza -- Modelo de la EGDMP -- Sostenibilidad de la deuda
650 1 4 _aGestión de la deuda
_ySiglo XXI
_zColombia
_913611
650 2 4 _aPolítica de la deuda pública
_ySiglo XXI
_zColombia
_913612
942 _2ddc
_cBK
999 _c7229
_d7229